| 000 | 01133nam a22002897a 4500 | ||
|---|---|---|---|
| 003 | URS | ||
| 005 | 20260212100313.0 | ||
| 008 | 260212b |||||||| |||| 00| 0 eng d | ||
| 020 | _a9786214093120 | ||
| 040 |
_aDLC _beng _cDLC _dURS _erda |
||
| 050 |
_aLB 2370 _b.B2231 2025 |
||
| 100 | _aBandril, Gladys Rose de Leon | ||
| 245 |
_aCommunicate to create: _bredefining purposive communication in the AI age/ _cGladys Rose de Leon Bandril , Jeanette R. Tuballes; consultant Rizal Osianas Dapat.- |
||
| 264 |
_aQuezon City: _bBooks atbp. publishing corporation, _cc2025 |
||
| 300 |
_ax, _b232 pages: illustration; _c23 centimeters. |
||
| 336 |
_2rdacontent _atext _btxt |
||
| 337 |
_2rdamedia _aunmediated _bn |
||
| 338 |
_2rdacarrier _avolume _bnc |
||
| 504 | _aincludes references. | ||
| 546 | _aIn English text. | ||
| 650 | _2Purposive Communication | ||
| 650 | _2Artificial intelligence- Educational application | ||
| 650 | _2Communication- Study and teaching- Philippines | ||
| 700 |
_aTuballes, Jeanette R. _eauthor |
||
| 700 |
_aDapat, Rizal Osianas _econsultant |
||
| 942 |
_2lcc _cF _hLB 2370 _i.B2231 2025 |
||
| 999 |
_c89242 _d89239 |
||